| 000 | 00462nam a22001697a 4500 | ||
|---|---|---|---|
| 003 | NUST - PNEC | ||
| 005 | 20170116181016.0 | ||
| 008 | 150914b xxu||||| |||| 00| 0 eng d | ||
| 020 | _a117710660 | ||
| 040 | _cLIBRARY | ||
| 082 | _a621.384131 GLA | ||
| 100 |
_910472 _a Glazier, E. V. D |
||
| 245 |
_aThe Services textbook of radio Vol-5 _cE. V. D Glazier |
||
| 260 | _cc 1958 | ||
| 650 |
_910473 _aRadio--Transmitters and transmission _xEL |
||
| 942 |
_2ddc _cBK |
||
| 999 |
_c67276 _d67276 |
||